LEADER 01034nam0-22003371i-450- 001 990000700040403321 005 20001010 010 $a88.14.07680.4 035 $a000070004 035 $aFED01000070004 035 $a(Aleph)000070004FED01 035 $a000070004 100 $a20001010d--------km-y0itay50------ba 101 0 $aita 105 $ay-------001yy 200 1 $aLocazione di immobili ad uso diverso dall' abitazione$e194 problemi risolti con norme e consigli sugli affitti di box,negozi, uffici, capannoni e terreni$fFrancesco Tamborrino. 205 $a4.ed.ampl.agg. 210 $aMilano$cGiuffre'$d1999 215 $a147 p.$d24 cm 225 1 $aCasa e territorio$v3 610 0 $aLocazione 676 $a346 700 1$aTamborrino,$bFrancesco$09567 801 0$aIT$bUNINA$gRICA$2UNIMARC 901 $aBK 912 $a990000700040403321 952 $a01 E III 21$b03541$fDINST 959 $aDINST 996 $aLocazione di immobili ad uso diverso dall' abitazione$9325148 997 $aUNINA DB $aING01 LEADER 00987nam0-22002771i-450- 001 990006575320403321 005 20001010 035 $a000657532 035 $aFED01000657532 035 $a(Aleph)000657532FED01 035 $a000657532 100 $a20001010d--------km-y0itay50------ba 101 0 $aita 105 $ay-------001yy 200 1 $a<>qualifica dello Stato in materia religiosa. Congresso celebrativo del centenario delle leggi amministrative diunificazione$f[A cura dell'] Istituto per la Scienza dell'Amministrazione Pubblica -ISAP- Milano 210 $aS.l.$cNeri Pozza$ds.d. 215 $a22 cm, pp.27 700 1$aDe Luca,$bLuigi$01379 801 0$aIT$bUNINA$gRICA$2UNIMARC 901 $aBK 912 $a990006575320403321 952 $aBUSTA I G 59$b676$fFSPBC 959 $aFSPBC 996 $aQualifica dello Stato in materia religiosa. Congresso celebrativo del centenario delle leggi amministrative diunificazione$9623917 997 $aUNINA DB $aGEN01 LEADER 00870nam0-2200265 --450 001 9910776287603321 005 20240125171338.0 100 $a20240125d1978----kmuy0itay5050 ba 101 0 $aeng 102 $aNL 105 $aa 001yy 200 1 $aSymptoms of virus diseases in plants$ewith indexes of names of symptoms in english, dutch, german, french, italian and spanish$fL. Bos 205 $a3. ed. revised 210 $aWageningen$cCentre for agricultural publishing and documentation$d1978 215 $a225 p.$cill.$d21 cm. 610 0 $aPatologia vegetale 676 $a632.3$v20$zita 700 1$aBos,$bLuite$f<1928-2010>$0308196 801 0$aIT$bUNINA$gREICAT$2UNIMARC 901 $aBK 912 $a9910776287603321 952 $aA PAT 877$b763/2024$fFAGBC 959 $aFAGBC 996 $aSymptoms of Virus Diseases in Plants$9373641 997 $aUNINA